Shibuya index (index of pesticides)

Gespeichert in:
Bibliographische Detailangaben
Format: Buch
Sprache:Undetermined
Veröffentlicht: Japan Zen-noh (Kumiai Chemical Ind. Co., LTd) 1996
Schlagworte:
Tags: Tag hinzufügen
Keine Tags, Fügen Sie den ersten Tag hinzu!
Thư viện lưu trữ: Trung tâm Học liệu Trường Đại học Cần Thơ
LEADER 00459nam a2200157Ia 4500
001 CTU_38991
008 210402s9999 xx 000 0 und d
082 |a 632.9 
082 |b S561 
245 0 |a Shibuya index (index of pesticides) 
260 |a Japan 
260 |b Zen-noh (Kumiai Chemical Ind. Co., LTd) 
260 |c 1996 
650 |a agricultural chemistry,pesticides 
904 |i Liên, 000603 
980 |a Trung tâm Học liệu Trường Đại học Cần Thơ